000 00466nam a2200157Ia 4500
003 GCL
008 140319s9999 xx 000 0 ara d
040 _aGCL /
_cGCL
082 0 4 _aد
_b050
_bد هـ
245 1 0 _aموالد مصر ( الهلال يوليو 1998 )
260 _aالقاهرة :
_bدار الهلال للطباعة والنشر ،
_c1998
650 0 4 _aكرة القدم
650 0 4 _aالموالد
650 0 4 _aبهاء طاهر
942 _2ddc
_cCR
999 _c6687
_d6687